[Event "Vaxjo op"]
[Site "Vaxjo"]
[Date "2015.02.13"]
[Round "3"]
[White "Lindstrom, Andreas"]
[Black "Akesson, Ralf"]
[Result "0-1"]
[WhiteElo "1932"]
[BlackElo "2451"]
[PlyCount "48"]
[EventDate "2015.02.13"]
[EventType "swiss"]
[EventRounds "8"]
[EventCountry "SWE"]
[SourceTitle "CBM 164 Extra"]
[Source "ChessBase"]
[SourceDate "2015.03.02"]
[SourceVersion "1"]
[SourceVersionDate "2015.03.02"]
[SourceQuality "1"]

1. d4 Nf6 2. Nf3 g6 3. c4 Bg7 4. g3 0-0 5. Bg2 d5 6. 0-0 dxc4 7. Na3 c3 8. bxc3 c5 9. Re1 Nc6 10. e4 Bg4 11. Nc2 Qa5 12. Bb2 Rfd8 13. h3 Bxf3 14. Qxf3 Qa4 15. e5 Qxc2 16. exf6 Bxf6 17. Re2 Qa4 18. Re4 Qb5 19. Ba3 cxd4 20. cxd4 Nxd4 21. Rxd4 Rxd4 22. Qxb7 Qxb7 23. Bxb7 Rb8 24. Rb1 Rd7 0-1